[Event "Alexandria op 22nd"]
[Site "Alexandria"]
[Date "2017.08.10"]
[Round "10"]
[White "Nyazi, Nehad"]
[Black "Nader, Mohamed"]
[Result "1-0"]
[WhiteElo "2202"]
[BlackElo "2172"]
[PlyCount "120"]
[EventDate "2017.08.02"]
[EventType "swiss"]
[EventRounds "10"]
[EventCountry "EGY"]
[SourceTitle "CBM 180 Extra"]
[Source "ChessBase"]
[SourceDate "2017.10.06"]
[SourceVersion "1"]
[SourceVersionDate "2017.10.06"]
[SourceQuality "1"]

1. d4 d5 2. Nf3 Nf6 3. c4 c6 4. Nc3 e6 5. e3 Nbd7 6. Bd3 dxc4 7. Bxc4 b5 8. Bd3 a6 9. e4 c5 10. d5 Bb7 11. dxe6 fxe6 12. 0-0 Qc7 13. Bc2 c4 14. Nd4 e5 15. Ne6 Qc6 16. Nd5 Rc8 17. Nxf6+ Nxf6 18. Nxf8 Rxf8 19. Be3 Rd8 20. Qe2 Kf7 21. a4 Kg8 22. axb5 axb5 23. f3 Ra8 24. b3 Kh8 25. Rfc1 Ra6 26. Qd1 Qc7 27. bxc4 bxc4 28. Qe1 c3 29. Rxa6 Bxa6 30. Ra1 Qc4 31. Ra4 Qc6 32. Ra5 Rc8 33. Rc5 Qe6 34. Qxc3 Rxc5 35. Qxc5 h6 36. h3 Bc4 37. Qb6 Qd7 38. Qb8+ Qe8 39. Ba7 Qxb8 40. Bxb8 Nd7 41. Bd6 Be6 42. h4 Kg8 43. Ba4 Kf7 44. Bxd7 Bxd7 45. Bxe5 h5 46. Kf2 g6 47. Ke3 Ke6 48. Bc3 Bb5 49. Kf4 Bf1 50. g4 hxg4 51. Kxg4 Be2 52. Kg3 Kf7 53. Bd4 Ke6 54. h5 gxh5 55. f4 Bg4 56. Kh4 Bf3 57. f5+ Kf7 58. e5 Be4 59. Kg5 Bd5 60. Kxh5 Bc4 1-0

[Event "Golden Cleopatra op"]
[Site "Cairo"]
[Date "2016.12.19"]
[Round "8"]
[White "Nader, Mohamed"]
[Black "Fadi, Marko"]
[Result "1-0"]
[WhiteElo "2177"]
[BlackElo "2231"]
[PlyCount "82"]
[EventDate "2016.12.13"]
[EventType "swiss"]
[EventRounds "10"]
[EventCountry "EGY"]
[SourceTitle "CBM 176 Extra"]
[Source "ChessBase"]
[SourceDate "2017.03.02"]
[SourceVersion "1"]
[SourceVersionDate "2017.03.02"]
[SourceQuality "1"]

1. d4 Nf6 2. Nf3 g6 3. e3 Bg7 4. c4 c5 5. Nc3 cxd4 6. exd4 0-0 7. Be2 b6 8. 0-0 Bb7 9. h3 d5 10. Be3 Nc6 11. a3 e6 12. b4 dxc4 13. Bxc4 Rc8 14. Qb3 Ne7 15. Ne5 Nfd5 16. Nxd5 Nxd5 17. Bxd5 Bxd5 18. Qa4 f5 19. Qd7 Qh4 20. f3 Rc2 21. Rac1 Rxc1 22. Rxc1 Bxe5 23. dxe5 Qd8 24. Qxa7 Qb8 25. Bxb6 Rc8 26. Qxb8 Rxb8 27. Be3 Ra8 28. Bh6 Rxa3 29. Rc8+ Kf7 30. Rh8 g5 31. Bxg5 Rb3 32. Bf6 Rxb4 33. Rxh7+ Kg6 34. Rh8 f4 35. h4 Rb1+ 36. Kh2 Rb2 37. h5+ Kf7 38. Rh7+ Kf8 39. Kh3 Bc4 40. h6 Bd3 41. Rd7 Bf5+ 1-0

[Event "Golden Cleopatra op"]
[Site "Cairo"]
[Date "2016.12.17"]
[Round "5"]
[White "Ameir, Moheb"]
[Black "Nader, Mohamed"]
[Result "0-1"]
[WhiteElo "2421"]
[BlackElo "2177"]
[PlyCount "98"]
[EventDate "2016.12.13"]
[EventType "swiss"]
[EventRounds "10"]
[EventCountry "EGY"]
[SourceTitle "CBM 176 Extra"]
[Source "ChessBase"]
[SourceDate "2017.03.02"]
[SourceVersion "1"]
[SourceVersionDate "2017.03.02"]
[SourceQuality "1"]

1. e4 c6 2. d4 d5 3. Nc3 dxe4 4. Nxe4 Bf5 5. Ng3 Bg6 6. Nh3 e6 7. Nf4 Bd6 8. h4 Qc7 9. Nxg6 hxg6 10. Ne4 Bf4 11. Bxf4 Qxf4 12. Ng5 Nd7 13. g3 Qf6 14. Qd2 0-0-0 15. 0-0-0 Nh6 16. Bg2 Nb6 17. Ne4 Qe7 18. Qa5 Kb8 19. Rd3 Nf5 20. Rhd1 Nc4 21. Qa4 Nb6 22. Qa5 Nc4 23. Qc3 Nb6 24. Nc5 g5 25. h5 g4 26. Qa5 Rxh5 27. Ra3 Nxd4 28. Qxa7+ Kc8 29. Nd3 Nb5 30. Qxb6 Nxa3 31. bxa3 Rb5 32. Qa7 Qf6 33. Kd2 c5 34. Ke2 c4 35. Kf1 cxd3 36. cxd3 Qc3 37. a4 Rxd3 38. Qa8+ Kc7 39. Re1 Rb2 40. Qe8 Qf6 41. Rc1+ Kb6 42. Rc6+ Ka7 43. Ra6+ bxa6 44. Qa8+ Kb6 45. Qc6+ Ka5 46. Qc5+ Rb5 47. Qc7+ Kb4 48. Be4 Rd2 49. a3+ Kb3 0-1

[Event "Cairo Egyptian op"]
[Site "Cairo"]
[Date "2016.04.25"]
[Round "5"]
[White "Nader, Mohamed"]
[Black "Youssef, Fady"]
[Result "1-0"]
[WhiteElo "2152"]
[BlackElo "1844"]
[PlyCount "89"]
[EventDate "2016.04.22"]
[EventType "swiss"]
[EventRounds "9"]
[EventCountry "EGY"]
[SourceTitle "CBM 172 Extra"]
[Source "ChessBase"]
[SourceDate "2016.06.21"]
[SourceVersion "1"]
[SourceVersionDate "2016.06.21"]
[SourceQuality "1"]

1. d4 Nf6 2. Nf3 e6 3. e3 d5 4. Bd3 Be7 5. Nbd2 c5 6. c3 0-0 7. 0-0 b6 8. e4 dxe4 9. Nxe4 Nbd7 10. Qe2 Bb7 11. Rd1 cxd4 12. Nxd4 Nxe4 13. Bxe4 Bxe4 14. Qxe4 Nf6 15. Qf3 Qc7 16. Bf4 e5 17. Bg3 a6 18. Nf5 Rfe8 19. Bxe5 Qxe5 20. Re1 Qb5 21. Nxe7+ Kf8 22. b3 a5 23. Re3 a4 24. b4 Ra7 25. Nc6 Rc7 26. Nd4 Rxe3 27. Nxb5 Rxf3 28. gxf3 Rd7 29. c4 Rd2 30. Rc1 Rxa2 31. c5 bxc5 32. bxc5 Nd5 33. c6 Nb6 34. c7 Nc8 35. Rd1 Ke7 36. Rd8 Nb6 37. Rb8 Ra1+ 38. Kg2 Nd5 39. c8Q Nf4+ 40. Kg3 Ne2+ 41. Kh4 g5+ 42. Kh5 Nf4+ 43. Kh6 Ne6 44. Rb7+ Kf6 45. Qh8+ 1-0

[Event "Arab-ch U20"]
[Site "Abu Dhabi"]
[Date "2015.01.07"]
[Round "6"]
[White "Ali Rashid, Ali"]
[Black "Nader, Mohamed"]
[Result "0-1"]
[WhiteElo "1896"]
[BlackElo "2099"]
[PlyCount "156"]
[EventDate "2015.01.04"]
[EventType "swiss"]
[EventRounds "9"]
[EventCountry "UAE"]
[SourceTitle "CBM 164 Extra"]
[Source "ChessBase"]
[SourceDate "2015.03.02"]
[SourceVersion "1"]
[SourceVersionDate "2015.03.02"]
[SourceQuality "1"]

1. d4 Nf6 2. Nf3 d5 3. g3 e6 4. Bg2 c5 5. 0-0 Nc6 6. c4 Be7 7. cxd5 Nxd5 8. dxc5 Bxc5 9. a3 0-0 10. b4 Be7 11. Bb2 Bf6 12. Qc2 Bd7 13. Nc3 Nxc3 14. Bxc3 Rc8 15. Qd3 Bxc3 16. Qxc3 Qe7 17. Rfd1 e5 18. Qe3 a6 19. Rd2 f6 20. Rad1 Be6 21. Ne1 Nd4 22. Qe4 Rc7 23. e3 Nb5 24. Ra1 Rfc8 25. Qb1 Nxa3 26. Qd1 Nc4 27. Rc2 Qxb4 28. Bd5 Qe7 29. Rac1 b5 30. Bxe6+ Qxe6 31. Nd3 Rd8 32. Qe2 Qe7 33. Nb2 Qa3 34. Nxc4 bxc4 35. Rxc4 Qxc1+ 36. Rxc1 Rxc1+ 37. Kg2 Rc6 38. Qa2+ Kh8 39. h4 h6 40. h5 Ra8 41. Qd5 Rcc8 42. Qa5 Rcb8 43. Kf3 Rb5 44. Qa4 Rc5 45. Kg4 a5 46. Kf3 Rf8 47. Qa3 Rfc8 48. Qa4 e4+ 49. Qxe4 Rxh5 50. Qa4 Rf5+ 51. Kg2 Rfc5 52. Kf3 Ra8 53. Qe4 Rd8 54. Qa4 Rf5+ 55. Ke2 Rb8 56. Qc2 Rfb5 57. Qa4 Rb2+ 58. Kf3 R8b5 59. Qe4 Re5 60. Qd3 Rb8 61. Qa3 a4 62. Qxa4 Rf5+ 63. Kg2 Rb2 64. Qe8+ Kh7 65. Qe4 Rbxf2+ 66. Kh3 h5 67. Qd3 Rf1 68. Qe4 Kh6 69. g4 hxg4+ 70. Kxg4 g6 71. Kg3 Rg5+ 72. Kh2 Rf2+ 73. Kh1 Rc5 74. Kg1 Rb2 75. Qf4+ Kg7 76. Qf1 Rcc2 77. Qd1 Rg2+ 78. Kh1 Rh2+ 0-1

[Event "Arab-ch U20"]
[Site "Abu Dhabi"]
[Date "2015.01.07"]
[Round "5"]
[White "Nader, Mohamed"]
[Black "Chahrour, Ibrahim"]
[Result "0-1"]
[WhiteElo "2099"]
[BlackElo "2259"]
[PlyCount "58"]
[EventDate "2015.01.04"]
[EventType "swiss"]
[EventRounds "9"]
[EventCountry "UAE"]
[SourceTitle "CBM 164 Extra"]
[Source "ChessBase"]
[SourceDate "2015.03.02"]
[SourceVersion "1"]
[SourceVersionDate "2015.03.02"]
[SourceQuality "1"]

1. d4 Nf6 2. Nf3 g6 3. e3 Bg7 4. c4 d6 5. Nc3 0-0 6. Be2 Nbd7 7. 0-0 e5 8. b4 a5 9. b5 Re8 10. Qc2 exd4 11. exd4 Nb6 12. Bd3 Be6 13. Nd1 Bg4 14. Nd2 Nh5 15. Bb2 Nf4 16. Ne3 Be2 17. Be4 d5 18. Bf3 Bxf1 19. Rxf1 c6 20. g3 Ne6 21. bxc6 bxc6 22. cxd5 cxd5 23. Qd3 f5 24. Qb5 Ng5 25. Bxd5+ Nxd5 26. Qxd5+ Qxd5 27. Nxd5 Rad8 28. Nc7 Re2 29. Nc4 Rc8 0-1

[Event "Wch U20 53rd"]
[Site "Pune"]
[Date "2014.10.15"]
[Round "9"]
[White "Nader, Mohamed"]
[Black "Horton, Jamie A"]
[Result "1/2-1/2"]
[WhiteElo "2098"]
[BlackElo "2064"]
[PlyCount "135"]
[EventDate "2014.10.06"]
[EventType "swiss"]
[EventRounds "13"]
[EventCountry "IND"]
[SourceTitle "EXT 2015"]
[Source "ChessBase"]
[SourceDate "2014.11.20"]
[SourceVersion "1"]
[SourceVersionDate "2014.11.20"]
[SourceQuality "1"]

1. d4 Nf6 2. Nf3 e6 3. e3 c5 4. Bd3 d5 5. c3 Be7 6. Nbd2 0-0 7. 0-0 b6 8. Ne5 Bb7 9. f4 Ne4 10. Nxe4 dxe4 11. Bc4 Bd5 12. Bb3 f6 13. Ng4 Kh8 14. a4 c4 15. Bc2 Nc6 16. b3 cxb3 17. Bxb3 Na5 18. Bc2 Rc8 19. Bd2 Qd7 20. Qc1 Rc7 21. Be1 Bc4 22. Bxe4 Bxf1 23. Kxf1 Nb3 24. Qb2 Nxa1 25. Qxa1 e5 26. Nf2 exd4 27. exd4 f5 28. Bc2 Bb4 29. Bb3 Ba5 30. Qa3 Qe7 31. Qxe7 Rxe7 32. Nd3 Rc7 33. c4 Bxe1 34. Kxe1 g6 35. Ne5 Kg7 36. Kd2 Kf6 37. Kc3 Rd8 38. Bd1 g5 39. g3 gxf4 40. gxf4 Rg7 41. Bf3 Rg1 42. a5 Ra1 43. axb6 axb6 44. h4 Rc1+ 45. Kd3 Rd6 46. h5 Ra1 47. d5 Re1 48. Kd4 Rc1 49. Kd3 Re1 50. Kd4 Rc1 51. Kd3 Ra1 52. Kd4 Rd8 53. Be2 Ra4 54. Bf3 b5 55. Bd1 Ra1 56. Bf3 bxc4 57. Nxc4 Rf1 58. Ne5 Rc1 59. Be2 Rc2 60. Bc4 Rf2 61. Ke3 Rh2 62. Nc6 Rc8 63. Ba6 Ra8 64. Bc4 Rc8 65. Ba6 Ra8 66. Bc4 Rc8 67. Ba6 Rc7 68. Kd4 1/2-1/2

[Event "Cairo Masters op"]
[Site "Cairo"]
[Date "2014.02.22"]
[Round "3"]
[White "Moaataz, Ayah"]
[Black "Nader, Mohamed"]
[Result "0-1"]
[WhiteElo "1967"]
[BlackElo "2104"]
[PlyCount "56"]
[EventDate "2014.02.20"]
[EventType "swiss"]
[EventRounds "9"]
[EventCountry "EGY"]
[SourceTitle "EXT 2015"]
[Source "ChessBase"]
[SourceDate "2014.11.20"]
[SourceVersion "1"]
[SourceVersionDate "2014.11.20"]
[SourceQuality "1"]

1. c4 g6 2. g3 Bg7 3. Bg2 e5 4. Nc3 Nc6 5. Nf3 f5 6. d3 Nf6 7. Rb1 d6 8. b4 0-0 9. b5 Ne7 10. 0-0 h6 11. c5 Be6 12. cxd6 cxd6 13. a4 Rc8 14. Bd2 Qd7 15. Rc1 g5 16. e4 f4 17. Ne1 d5 18. exd5 Nexd5 19. Ne4 Nxe4 20. dxe4 Rxc1 21. Qxc1 Rc8 22. Qa1 Nb6 23. a5 Nc4 24. Bc3 Qxb5 25. Nd3 Nxa5 26. Qxa5 Qxd3 27. Bxe5 f3 28. Bh1 Bxe5 0-1

[Event "Cairo Masters op"]
[Site "Cairo"]
[Date "2014.02.21"]
[Round "2"]
[White "Nader, Mohamed"]
[Black "Ameir, Moheb"]
[Result "0-1"]
[WhiteElo "2104"]
[BlackElo "2291"]
[PlyCount "72"]
[EventDate "2014.02.20"]
[EventType "swiss"]
[EventRounds "9"]
[EventCountry "EGY"]
[SourceTitle "EXT 2015"]
[Source "ChessBase"]
[SourceDate "2014.11.20"]
[SourceVersion "1"]
[SourceVersionDate "2014.11.20"]
[SourceQuality "1"]

1. d4 Nf6 2. Nf3 d5 3. e3 c5 4. c3 g6 5. Ne5 Bg7 6. Bd3 0-0 7. 0-0 Nc6 8. f4 Nd7 9. Nxd7 Bxd7 10. Nd2 Rc8 11. Nf3 f6 12. h3 e5 13. fxe5 fxe5 14. e4 exd4 15. Bg5 Qe8 16. exd5 Ne5 17. cxd4 Nxd3 18. Qxd3 Bb5 19. Qb3 Bxf1 20. Rxf1 h6 21. d6+ c4 22. Qxb7 hxg5 23. d7 Qe3+ 24. Kh1 Rcd8 25. Qd5+ Kh8 26. Re1 Qf4 27. Nxg5 Qf5 28. Qxf5 gxf5 29. Ne6 Rxd7 30. Nxf8 Bxf8 31. Rf1 Rxd4 32. g4 f4 33. g5 Bd6 34. h4 Rd2 35. h5 Rxb2 36. g6 Rb5 0-1

[Event "Africa-ch U20"]
[Site "Tiaret"]
[Date "2014.01.28"]
[Round "5"]
[White "Ameir, Moheb"]
[Black "Nader, Mohamed"]
[Result "1/2-1/2"]
[WhiteElo "2291"]
[BlackElo "2104"]
[PlyCount "23"]
[EventDate "2014.01.25"]
[EventType "swiss"]
[EventRounds "9"]
[EventCountry "ALG"]
[SourceTitle "CBM 158 Extra"]
[Source "ChessBase"]
[SourceDate "2014.02.28"]
[SourceVersion "1"]
[SourceVersionDate "2014.02.28"]
[SourceQuality "1"]

1. d4 d5 2. Nf3 Nf6 3. e3 c5 4. c3 Nc6 5. Bd3 e6 6. 0-0 Bd6 7. Nbd2 0-0 8. b3 a6 9. Bb2 b5 10. c4 bxc4 11. bxc4 Rb8 12. Bc3 1/2-1/2

[Event "Africa-ch U20"]
[Site "Tiaret"]
[Date "2014.01.26"]
[Round "2"]
[White "Nader, Mohamed"]
[Black "Silvio, Famorosa F"]
[Result "1-0"]
[WhiteElo "2104"]
[BlackElo "1981"]
[PlyCount "57"]
[EventDate "2014.01.25"]
[EventType "swiss"]
[EventRounds "9"]
[EventCountry "ALG"]
[SourceTitle "CBM 158 Extra"]
[Source "ChessBase"]
[SourceDate "2014.02.28"]
[SourceVersion "1"]
[SourceVersionDate "2014.02.28"]
[SourceQuality "1"]

1. d4 Nf6 2. Nf3 e6 3. e3 c5 4. Bd3 Nc6 5. c3 d5 6. Nbd2 Bd6 7. 0-0 0-0 8. dxc5 Bxc5 9. e4 h6 10. Qe2 Re8 11. Bc2 Qc7 12. e5 Nd7 13. Nb3 Bf8 14. Re1 g6 15. Bf4 Bg7 16. h4 h5 17. Nbd4 a6 18. Rac1 b5 19. Nxc6 Qxc6 20. Ng5 Nf8 21. g4 hxg4 22. Qxg4 Bb7 23. h5 Re7 24. Qh4 Rc7 25. h6 Bh8 26. h7+ Kg7 27. Re3 Nd7 28. Nxe6+ fxe6 29. Qe7# 1-0

[Event "EGY-ch"]
[Site "Cairo"]
[Date "2013.04.02"]
[Round "8"]
[White "Nader, Mohamed"]
[Black "Sameeh, Hany"]
[Result "1-0"]
[WhiteElo "2061"]
[BlackElo "2272"]
[PlyCount "65"]
[EventDate "2013.03.26"]
[EventType "swiss"]
[EventRounds "9"]
[EventCountry "EGY"]
[SourceTitle "CBM 153 Extra"]
[Source "ChessBase"]
[SourceDate "2013.04.22"]
[SourceVersion "1"]
[SourceVersionDate "2013.04.22"]
[SourceQuality "1"]

1. d4 Nf6 2. Nf3 g6 3. e3 Bg7 4. c4 0-0 5. Nc3 d5 6. cxd5 Nxd5 7. Bc4 Nb6 8. Bb3 N8d7 9. 0-0 c5 10. Qe2 cxd4 11. exd4 Nf6 12. Re1 e6 13. Bg5 h6 14. Bh4 g5 15. Bg3 Nh5 16. Bc2 Nxg3 17. hxg3 Nd5 18. Qd3 f5 19. a3 Qd6 20. Ne5 Ne7 21. Rad1 a6 22. Bb3 b5 23. f4 g4 24. d5 exd5 25. Nxd5 Kh7 26. Kh1 Ng6 27. Qe3 Rb8 28. Ne7 Qxe7 29. Nxg6 Qxe3 30. Nxf8+ Bxf8 31. Rxe3 Bb7 32. Rd7+ Kh8 33. Rc3 1-0

[Event "Aswan op 3rd"]
[Site "Aswan"]
[Date "2012.12.09"]
[Round "8"]
[White "Nader, Mohamed"]
[Black "Elgabry, Mohsen"]
[Result "0-1"]
[WhiteElo "2047"]
[BlackElo "2365"]
[PlyCount "132"]
[EventDate "2012.12.02"]
[EventType "swiss"]
[EventRounds "9"]
[EventCountry "EGY"]
[SourceTitle "EXT 2014"]
[Source "ChessBase"]
[SourceDate "2013.11.20"]
[SourceVersion "1"]
[SourceVersionDate "2013.11.20"]
[SourceQuality "1"]

1. d4 Nf6 2. Nf3 d6 3. e3 Nbd7 4. c4 e5 5. Nc3 Be7 6. Be2 0-0 7. 0-0 c6 8. b4 e4 9. Nd2 d5 10. Qb3 Nb6 11. c5 Nbd7 12. a4 h6 13. Bb2 Nh7 14. b5 Ndf6 15. a5 a6 16. bxc6 bxc6 17. Na4 Bg4 18. Bxg4 Nxg4 19. h3 Ngf6 20. Bc3 Rb8 21. Qc2 Ne8 22. Rfb1 Rb5 23. Nb6 Nc7 24. Nxe4 dxe4 25. Qxe4 Nd5 26. Nxd5 cxd5 27. Qd3 Qd7 28. Rxb5 axb5 29. a6 Ra8 30. Ra5 Qc6 31. Qxb5 Qxb5 32. Rxb5 Rxa6 33. Rb8+ Nf8 34. Re8 Ra7 35. e4 dxe4 36. Bb4 f5 37. d5 Kf7 38. Rc8 Ra4 39. Rb8 Nd7 40. Rb7 Rxb4 41. Rxd7 Ke8 42. c6 Rb1+ 43. Kh2 Rc1 44. g3 Bf6 45. Kg2 Be5 46. d6 Bxd6 47. Rxd6 Ke7 48. Rd7+ Kf6 49. c7 g6 50. h4 g5 51. h5 f4 52. g4 Rc2 53. Kg1 f3 54. Rh7 Ke5 55. Rf7 Kd6 56. Rf6+ Kd7 57. Rxh6 Rc1+ 58. Kh2 e3 59. Rh7+ Kc8 60. Kg3 e2 61. Re7 e1Q 62. Rxe1 Rxe1 63. Kxf3 Kxc7 64. Kg3 Kd6 65. f4 Re3+ 66. Kf2 gxf4 0-1

[Event "Aswan op 3rd"]
[Site "Aswan"]
[Date "2012.12.07"]
[Round "6"]
[White "Nader, Mohamed"]
[Black "Yehya, Ashraf"]
[Result "1-0"]
[WhiteElo "2047"]
[BlackElo "1879"]
[PlyCount "109"]
[EventDate "2012.12.02"]
[EventType "swiss"]
[EventRounds "9"]
[EventCountry "EGY"]
[SourceTitle "EXT 2014"]
[Source "ChessBase"]
[SourceDate "2013.11.20"]
[SourceVersion "1"]
[SourceVersionDate "2013.11.20"]
[SourceQuality "1"]

1. d4 d5 2. Nf3 Nf6 3. e3 g6 4. c4 c6 5. Nc3 Bg7 6. Be2 0-0 7. 0-0 dxc4 8. Bxc4 b5 9. Bd3 a5 10. Bd2 Nbd7 11. Rc1 Bb7 12. Ne4 Nd5 13. Nc5 Nxc5 14. Rxc5 Qd6 15. Rc1 Rfd8 16. Qe2 Nb4 17. Bb1 Nd5 18. Rfd1 e6 19. a3 b4 20. axb4 axb4 21. Qe1 Bh6 22. Ne5 f6 23. Nd3 Bf8 24. e4 Ne7 25. Bxb4 Qb8 26. Nc5 Bc8 27. Bc3 Bg7 28. Bc2 g5 29. Bb3 Ng6 30. Bxe6+ Kh8 31. g3 Nf8 32. Bxc8 Qxc8 33. Ra1 h5 34. Qe2 Qh3 35. Qf1 Qg4 36. h3 Qc8 37. Rxa8 Qxa8 38. Qe2 g4 39. hxg4 h4 40. g5 fxg5 41. Qh5+ Nh7 42. Ne6 Rd7 43. Nxg7 Kxg7 44. d5+ Kf8 45. Qh6+ Ke8 46. Qe6+ Re7 47. Qxc6+ Qxc6 48. dxc6 Rc7 49. Rd6 hxg3 50. fxg3 g4 51. Ba5 Rc8 52. c7 Ke7 53. Rd8 Rxc7 54. Bxc7 Ng5 55. Rg8 1-0

[Event "Alexandria op 18th"]
[Site "Alexandria"]
[Date "2012.08.30"]
[Round "4"]
[White "Elgabry, Mohsen"]
[Black "Nader, Mohamed"]
[Result "1/2-1/2"]
[WhiteElo "2351"]
[BlackElo "2033"]
[PlyCount "118"]
[EventDate "2012.08.27"]
[EventType "swiss"]
[EventRounds "9"]
[EventCountry "EGY"]
[SourceTitle "CBM 150 Extra"]
[Source "ChessBase"]
[SourceDate "2012.10.19"]
[SourceVersion "1"]
[SourceVersionDate "2012.10.19"]
[SourceQuality "1"]

1. Nf3 Nf6 2. g3 d5 3. Bg2 Bf5 4. 0-0 c6 5. d4 h6 6. c4 e6 7. Nc3 Bd6 8. Qb3 Qc8 9. Bf4 Bxf4 10. gxf4 Qc7 11. cxd5 exd5 12. Ne5 0-0 13. e3 Nbd7 14. Rac1 Qb6 15. Qa3 a5 16. Rfd1 Qb4 17. Qb3 Nb6 18. Bf1 Nfd7 19. Nxd7 Bxd7 20. Qc2 Bg4 21. Be2 Bxe2 22. Qxe2 a4 23. Rc2 Qd6 24. Kh1 Nc4 25. Rg1 f5 26. Qd3 b5 27. Ne2 b4 28. b3 axb3 29. axb3 Ra3 30. Ng3 Qe6 31. Rb1 g6 32. Rcc1 Rfa8 33. Qd1 Na5 34. Qc2 Ra6 35. Rg1 Kh7 36. Qc5 h5 37. Qxb4 Ra2 38. Ra1 c5 39. dxc5 Nc6 40. Qb7+ Ne7 41. Rxa2 Rxa2 42. Qb6 Nc6 43. Qc7+ Ne7 44. Qd6 Qf7 45. Kg2 h4 46. Nh1 d4 47. Qxd4 g5 48. fxg5 Ng6 49. Rd1 f4 50. e4 h3+ 51. Kf1 Nh4 52. Qd3 Qe6 53. e5+ Kg7 54. Qe4 Qa6+ 55. Qd3 Nf3 56. Qxa6 Nxh2+ 57. Kg1 Nf3+ 58. Kf1 Nh2+ 59. Kg1 Nf3+ 1/2-1/2

[Event "Mahalla op 13th"]
[Site "Mahalla"]
[Date "2011.07.04"]
[Round "1"]
[White "Sadek, Sameh"]
[Black "Nader, Mohamed"]
[Result "1-0"]
[WhiteElo "2351"]
[BlackElo "2066"]
[PlyCount "83"]
[EventDate "2011.07.04"]
[EventType "swiss"]
[EventRounds "9"]
[EventCountry "EGY"]
[SourceTitle "CBM 143 Extra"]
[Source "ChessBase"]
[SourceDate "2011.08.29"]
[SourceVersion "1"]
[SourceVersionDate "2011.08.29"]
[SourceQuality "1"]

1. e4 c5 2. Nf3 a6 3. c4 Nc6 4. d4 cxd4 5. Nxd4 e6 6. Nc3 Qc7 7. a3 Nf6 8. Be3 b6 9. f3 Bb7 10. Na4 Rb8 11. b4 h5 12. Nxc6 Bxc6 13. b5 axb5 14. cxb5 Ba8 15. Rc1 Qd6 16. Nxb6 Qxa3 17. Nc4 Qb4+ 18. Bd2 Qc5 19. e5 Nd5 20. Nd6+ Bxd6 21. Rxc5 Bxc5 22. Qa4 Bb7 23. Bd3 Ra8 24. Qc4 0-0 25. Qxc5 Ra1+ 26. Kf2 Rxh1 27. Qd4 f5 28. Qa7 Ra8 29. Qxb7 Ra2 30. Qxd7 Rxd2+ 31. Be2 Kh7 32. Qe8 Rxh2 33. b6 Nc3 34. Kg1 Rh4 35. Bf1 Nd1 36. b7 Nf2 37. g3 Rh1+ 38. Kg2 Rh3 39. g4 f4 40. Bd3+ Rxd3 41. b8Q Rg3+ 42. Kf1 1-0